| 000 | 01060nam a22002537a 4500 | ||
|---|---|---|---|
| 001 | 18634 | ||
| 003 | BD-RjUL | ||
| 005 | 20211209000319.0 | ||
| 008 | 140222r19681965cauao||| b||| 00| 0 eng d | ||
| 035 | _a(BD-RjUL)18692 | ||
| 040 |
_aBD-RjUL _beng _cBD-RjUL |
||
| 041 | _aeng | ||
| 082 | 0 | 4 |
_222 _a613.71 _bMEP 1968 |
| 100 | 1 |
_aMeans, Louis E. _957400 |
|
| 245 | 1 | 0 |
_aPhysical education activities, sports, and games : _b the origin and background, rules of play, teaching hints and fundamentals, equipment and facilities, and safety precautions of a widely selected group of physical education activities, sports and games used in contemporary America / _cLouis E Means and Harold K Jack. |
| 260 |
_aDubuque, Iowa : _bW.C. Brown Co., _cc1965 [reprinted 1968]. |
||
| 300 |
_avii, 228 p. : _bill.; _c28 cm. |
||
| 490 | _aPhysical education activity handbook series | ||
| 504 | _aIncludes bibliographical references. | ||
| 650 | 0 |
_aPhysical education and training. _957401 |
|
| 650 | 0 |
_aSports. _957402 |
|
| 700 | 1 |
_aJack, Harold K . _957403 |
|
| 942 |
_2ddc _cBK |
||
| 999 |
_c18634 _d18634 |
||